Fundamentos químicos de las ciencias biológicas

محفوظ في:
التفاصيل البيبلوغرافية
المؤلف الرئيسي: White, Emil H (مؤلف)
التنسيق: كتاب
اللغة:الإسبانية
منشور في: Ciudad de México UTEHA 1966
سلاسل:Fundamentos de la Biología Moderna
الموضوعات:
الوسوم: إضافة وسم
لا توجد وسوم, كن أول من يضع وسما على هذه التسجيلة!

MARC

LEADER 00000nam a2200000 a 4500
001 UCU3502
003 CL-VaPUC
008 960510e19660000MX |||||||||||||||||spa|d
082 0 4 |a 541  |b WHI  |2 21 
100 0 |a White, Emil H  |e author  |9 360461 
245 1 0 |a Fundamentos químicos de las ciencias biológicas 
300 |a 261 p 
942 |c BK 
945 |d 19960510 00:00:00  |a cmena 
260 |a Ciudad de México  |b UTEHA  |c 1966 
650 0 |a Química  |9 259896 
650 7 |a MATERIA FISICA  |2 CL-VaPUC  |9 360137 
650 0 |a Moléculas   |9 259584 
650 0 |a Reacciones químicas  |9 259438 
650 0 |a Química orgánica   |9 259426 
650 0 |a Química física  |9 260596 
583 |a last modification  |c 19960510 00:00:00  |k Rodrigo Vera 
490 0 |a Fundamentos de la Biología Moderna 
999 |c 247492  |d 247490